A time for roses (Record no. 26835)

MARC details
000 -LEADER
fixed length control field 00386nam a2200169Ia 4500
020 ## - INTERNATIONAL STANDARD BOOK NUMBER
ISBN 0- 449- 14862- 9
050 ## - CALL MARK
Classification number PS 3553 .O3 T564/
100 ## - STATEMENT OF RESPONSIBILITY--MAIN AUTHOR NAME
Personal name Coffman, Elaine
245 #2 - TITLE STATEMENT
Title A time for roses
260 ## - PUBLICATION, DISTRIBUTION, ETC. (IMPRINT)
Place of publication New York
260 ## - PUBLICATION, DISTRIBUTION, ETC. (IMPRINT)
Name of publisher Fawcett Books
260 ## - PUBLICATION, DISTRIBUTION, ETC. (IMPRINT)
Year of publication 1995
300 ## - PHYSICAL DESCRIPTION
Number of Pages 472 p
942 ## - ADDED ENTRY ELEMENTS (KOHA)
Koha item type Books
Holdings
Withdrawn status Lost status Source of classification or shelving scheme Damaged status Not for loan Permanent Location Current Location Date acquired Full call number Accession Number Price effective from Koha item type
    Library of Congress Classification     NILE UNIVERSITY OF NIGERIA - MAIN LIBRARY NILE UNIVERSITY OF NIGERIA - MAIN LIBRARY 04/23/2025 PS 3553 .O3 T564/ 0005962 04/23/2025 Books